000 00408nam a2200145Ia 4500
008 211109s9999||||xx |||||||||||||| ||und||
082 _a823.1
_bVER-R
100 _aVerne, Jules
245 0 _aRound the World in Eighty Days
260 _bOrient Longmans
_aMADRAS
_c1965
300 _a157p.
630 _xGeneral Stack
650 _aEnglish Novel
_vEnglish LiteratureEnglish Fiction
_xGeneralia
942 _cBOOK
999 _c29687
_d29687